UBT Library

Davinci code (Record no. 41246)

000 -LEADER
fixed length control field 00640cjm a22002413a 4500
001 - CONTROL NUMBER
control field 20161922
005 - DATE AND TIME OF LATEST TRANSACTION
control field 20180130040941.0
007 - PHYSICAL DESCRIPTION FIXED FIELD--GENERAL INFORMATION
fixed length control field sd fsngnnzmned
008 - FIXED-LENGTH DATA ELEMENTS--GENERAL INFORMATION
fixed length control field 171204s2006 xxumpn| | zxx
010 ## - LIBRARY OF CONGRESS CONTROL NUMBER
LC control number 2017609127
017 ## - COPYRIGHT OR LEGAL DEPOSIT NUMBER
Copyright or legal deposit number PA0001382176
Assigning agency U.S. Copyright Office
040 ## - CATALOGING SOURCE
Original cataloging agency DLC
Transcribing agency DLC
041 ## - LANGUAGE CODE
Language code of text/sound track or separate title eng
080 ## - UNIVERSAL DECIMAL CLASSIFICATION NUMBER
Universal Decimal Classification number 7 san
100 1# - Rafti
Rafti 44
101 ## - Shkurtesa
Shkurtesa art
245 10 - TITLE STATEMENT
Title Davinci code
Statement of responsibility, etc Jeff Pfeifer, Rob Pfeifer.
246 3# - VARYING FORM OF TITLE
Title proper/short title Da Vinci code
511 0# - PARTICIPANT OR PERFORMER NOTE
Participant or performer note Performers not identified.
906 ## - LOCAL DATA ELEMENT F, LDF (RLIN)
a 7
b cbc
c orignew
d 2
e ncip
f 20
g y-soundrec
942 ## - ADDED ENTRY ELEMENTS (KOHA)
Source of classification or shelving scheme
Item type Books
Holdings
Withdrawn status Lost status Source of classification or shelving scheme Damaged status Not for loan Collection code Permanent location Current location Shelving location Date acquired Total Checkouts Full call number Barcode Date last seen Price effective from Koha item type
          Koleksioni i përgjithshem UBT - Lipjan UBT - Lipjan Koleksioni i përgjithshem 01/30/2018   7 san 002-2996958 01/30/2018 01/30/2018 Books
UBT Library © 2015-2024. All rights reserved University Education for Business and Technology